<?xml version="1.0" encoding="UTF-8"?><collection xmlns="info:lc/xmlns/marcxchange-v2"><record format="Unimarc" type="bibliographic"><leader>00746nam  2200205   450 </leader><controlfield tag="001">2191361</controlfield><controlfield tag="003">http://id.bnportugal.gov.pt/bib/porbase/2191361</controlfield><datafield ind1=" " ind2=" " tag="010"><subfield code="a">0 521 43519 6</subfield><subfield code="b">brochado</subfield><subfield code="d">compra</subfield></datafield><datafield ind1=" " ind2=" " tag="035"><subfield code="a">UNLCSH_BC_150.iso/06-07-2009/63831</subfield></datafield><datafield ind1=" " ind2=" " tag="035"><subfield code="a">UNLCSH20081105150303</subfield></datafield><datafield ind1=" " ind2=" " tag="100"><subfield code="a">20081105d2007    k  y0porb0103    ba</subfield></datafield><datafield ind1="0" ind2=" " tag="101"><subfield code="a">eng</subfield></datafield><datafield ind1=" " ind2=" " tag="102"><subfield code="a">GB</subfield></datafield><datafield ind1="1" ind2=" " tag="200"><subfield code="a">&lt;The &gt;Cambridge illustrated History of China</subfield><subfield code="f">Patricia Buckley Ebrey</subfield></datafield><datafield ind1=" " ind2=" " tag="210"><subfield code="a">Cambridge</subfield><subfield code="c">Cambridge University Press</subfield><subfield code="d">imp. 2007</subfield></datafield><datafield ind1=" " ind2=" " tag="215"><subfield code="a">352 p.</subfield><subfield code="c">muito il.</subfield><subfield code="d">26 cm</subfield></datafield><datafield ind1="2" ind2=" " tag="225"><subfield code="a">Cambridge illustrated History</subfield></datafield><datafield ind1=" " ind2=" " tag="300"><subfield code="a">Contém cronologia, notas, sugestões de leitura e índice</subfield></datafield><datafield ind1=" " ind2=" " tag="675"><subfield code="a">94(510)(091)</subfield><subfield code="v">BN</subfield><subfield code="z">por</subfield></datafield><datafield ind1=" " ind2="1" tag="700"><subfield code="a">Ebrey</subfield><subfield code="b">Patricia Buckley</subfield><subfield code="f">1947-</subfield></datafield><datafield ind1=" " ind2="0" tag="801"><subfield code="a">PT</subfield><subfield code="b">UNLCSH</subfield><subfield code="g">RPC</subfield></datafield></record></collection>